000 02569nam a2200301 a 4500
001 1619
003 DO-SdBNP
005 20220526090558.0
007 000016193
008 100301s2007 sp a 001 0 spa d
020 _a9788496429949
040 _aBPMSU
_bspa
_cBPMSU
082 4 _a728.3
_bE235a 2007
_222
092 _a
100 1 _a
245 0 0 _aArquitectura actual :
_bedificios de apartamentos
_c
260 _a[México]:
_bInstituto Monsa de Ediciones,
_c2010
300 _a239 p. :
_b planos + retrs. ;
_c 33 cm.
505 0 _aMurphy/Jahn : Residencia de Estudiantes del ITT (Chicago, USA) -- Archi-Tectonics : Greenwich Street (New York, USA) -- AHMM :Raines Court (Londres) -- Edouard François : Torre de las Flores (Paris, France) -- Edouard François : Edificio Creciente (Montpellier,France) -- Engelenmoore : 150 Liverpool Street ; Kings Lane ; 138 Barcom Avenue ; Edificio Cuadrícula (Sydney, Australia) -- Perkins & Will : Skybridge (Chicago,USA) -- 24 H Architecture : Complejo en Getsewoud (Amsterdam, Pays-Bas) -- GCA Arquitectes :Apartamentos en Sabadell (Espagne) -- Despang Architekten : Apartamentos en Hannover (Hanovre, Allemagne) -- Hans Peter Wörndl : Z'aum-G'ruckt (Salzburg, Autriche) -- EEA Architects : Apartamentos en Mauritskade (Amsterdam, Pays-Bas) -- Pugh + Scarpa : Colorado Court ; Lofts de artistas Bergamot (Santa Monica, USA) -- Tannerhecht Archiecture : Lofts en Cannery (Newport Beach, USA) -- Klein Dytham Architecture : Apartamentos en Nagoya (Tokyo, Japon) -- Dale Jones-Evans : Apartamentos Metalika (Sydney, Australie) -- Camezind Evolution : Seewurfel (Zurich, Suisse).
520 _a'Edificios residenciales' reúne alguno de los últimos diseños de arquitectos contemporáneos, de renombre local e internacional, destacando las tendencias más actuales en la arquitectura aplicada a los proyectos residenciales múltiples. los proyectos mostrados, que constan de estructuras completamente nuevas diseñadas en su totalidad por los arquitectos, están ilustrados como una serie fotográfica que muestra el exterior de cada edificio, así como sus zonas comunes y espacios interiores privados. Una selección de planos y el texto descriptivo acompañante exploran cada proyecto con mayor profundidad y detalle."--Page 4 of cover.
650 _aARQUITECTURA DOMÉSTICA
650 _aARQUITECTURA MODERNA
_ySIGLO XX
650 _aEDIFICIOS DE APARTAMENTOS
700 1 _a
_e
710 _aArquitectura Actual
910 _aVMateo V./Validado. Control de calidad MFF
942 _2ddc
_cBK
999 _c10454
_d10454